Normal view
MARC view
Entry Topical Term
001 - CONTROL NUMBER
- control field: 13418
003 - CONTROL NUMBER IDENTIFIER
- control field: ARRUPE
005 - DATE AND TIME OF LATEST TRANSACTION
- control field: 20141212120016.0
008 - FIXED-LENGTH DATA ELEMENTS
- fixed length control field: 141212|| aca||aabn | a|a d
040 ## - CATALOGING SOURCE
- Original cataloging agency: ARRUPE
- Transcribing agency: ARRUPE
150 ## - HEADING--TOPICAL TERM
- Topical term or geographic name as entry element: Equality.
670 ## - SOURCE DATA FOUND
- Source citation: Work cat.: (ARRUPE)0: Cohen, G. A. (Gerald Allan), 1941-2009. 13417, If you're an egalitarian, how come you're so rich? /, c2000.